Questions sur les objets donnés par des PNJ dans les jeux Pokémon - Statistiques

Statistiques générales
  • Ce quiz a été pris 9 fois
  • Le résultat moyen est 10 sur 30
Statistiques - réponses
Question Objet % Correct
Combien de sortes de Cannes différentes sont données par unPNJ pêcheur au cours du jeu dans les 4 premières générations ? 3
100%
Quelle capacité est donnée par l'Ancien de la Tour Chétiflor à Mauvilleaprès l'avoir vaincu ? Flash
86%
Quel Pokémon peut être dévoilé grâce au Devon Scope à Hoenn ? Kecleon
86%
Qui donne au protagoniste des jeux le Memorydex à Azuria, dansRouge Feu et Vert Feuille ? Blue
71%
De quel Pokémon l'objet qui sert d'arrosoir a-t-il la forme dans la quatrième génération ? Psykokwak
57%
Dans quelle ville est débloquée l'accès au Souterrain grâce à l'Explorakitdonné par l'Homme du Souterrain, dans la quatrième génération ? Vestigion
57%
Dans quelle ville de Hoenn obtient-on la Flûte Eon des mains de Pierre Rochard dans Rubis Omega et Saphir Alpha ? Atalanopolis
43%
Qui donne au joueur le Magnéto VS à Féli-Cité ? Beladonis
43%
Qui donne le Pokématos au joueur dans Or & Argent ? Maman
43%
Comment s'appelle le support à Méga-Gemme dans Rubis Oméga et Saphir Alpha, objet qui est d'ailleurs donné par Pierre Rochard ? Méga-Bracelet
43%
Dans quel duo de jeux est-il possible d'avoir le plus de Multi Exp dans une seule sauvegarde ? Noir 2 & Blanc 2
43%
Quel objet, offert par Grace, la Maman du joueur après la victoire contreViolette, la première Championne d'Arène de Kalos, est le deuxième objet permettant au joueur de se déplacer plus vite dans le jeu ? Rollers
43%
Qu'est ce que le joueur doit aller chercher dans l'Antre du Dragon aprèsle combat contre Sandra à l'arène d'Ebenelle ? Badge Lever
29%
Quel objet donne le Professeur Platane au joueur dans X & Yaprès avoir complété le Pokédex Régional ? Charme Ovale
29%
Ou le joueur doit-il aller récupérer la Potionsecret pour soigner Phary,le Pharamp du Phare d'Oliville ? Irisia
29%
Grâce à quel PNJ de Rouge & Bleu le joueur peut-il accéder à l'Océanegrâce au Passe Bateau ? Léo
29%
Après avoir obtenu le Pokédex National de la part du Professeur Chen,qu'obtient le joueur du Professeur Sorbier dans Diamant & Perle ? Poké Radar
29%
Quel est le vélo complémentaire du Vélo Cross dans la 3èmegénération, qu'il est possible d'obtenir de la même manière dans le magasin de Rodolphe à Lavandia ? Vélo de Course
29%
Quel PNJ important de Légendes Pokémon Arceus remet la Flûte Céleste au joueur, qui permet d'appeler les Pokémon Montures ? Adamantin
14%
Quel objet très spécial, donné par le directeur de la Tour Radio de Doublonville pour avoir sauvé la Tour de la Team Rocket dans Or et Or Heartgold, sert à rencontrer un certain Pokémon au sommet d'une certaine tour de Rosalia ? Arcenci'Aile
14%
A quel endroit peut être obtenu le Noigrume Shaker dans Or Heartgoldet Argent Soulsilver ? Dôme Pokéathlon
14%
Quel objet exclusif à Pokémon Noir peut être obtenu après la victoirecontre Aloé, des mains même de la Championne de Maillard ? Galet Blanc
14%
Quelle récompense est remise par le Professeur Platane au joueur lors de la cérémonie à la fin du jeu après avoir vaincu la Ligue dans X & Y ? Insigne de Kalos
14%
De toutes les Plaques permettant à Arceus de changer de type, laquelleest donnée par Percupio au Temple de Sinnoh dans Légendes Pokémon Arceus ? Plaque Fantôme
14%
Quel objet apparu en première génération, donné par Giovanni après sa défaite contre le joueur dans le sous-sol du Casino de Céladopole, peut être utilisé dans la Tour Lavanville ? Scope Sylphe
14%
Le Défi des Arènes est possible grâce à la précieuse Recommandation.Mais de qui vient cette Recommandation ? Tarak
14%
Quel objet le joueur doit-il remettre à la grand-mère de Cynthia à Célestia, de la part de sa petite-fille ? Vieux Grigri
14%
Quel objet est donné par Sonya au joueur sur le Sentier de la Gare dansEpée & Bouclier ? Boîte Pokémon
0%
Avant d'aller explorer la Zone Zéro, quel objet Alisma confie au Joueur dans la neuvième génération ? Disque Indigo
0%
Quel objet est nécessaire pour pouvoir affronter Primo-Kyogre dans Saphir Alpha, objet qui est donné par Arthur, le chef de la Team Aqua ? Scaphandre Aqua
0%
Aucun quiz correspondant
Distribution des résultats
% des personnes avec chaque résultat
Percentile par nombre de réponses
Votre historique - résultats
Vous n’avez pas pris ce quiz